000 00686nam a22002291 4500
001 142362
003 ES-MaACL
005 20251003180604.0
007 t|
008 071004s1922 sp ||||0| spa d
016 7 _zIND2000946941
040 _aM-BN
_bspa
_cCDM
100 1 _aWinterstein, Johann.
_9117121
245 1 3 _aLa narcosis /
_cWinterstein ; traducido del alemán por el Dr. J. Goyanes.
260 _aMadrid :
_bCalpe,
_c1922.
300 _aVIII, 334 p. ;
_c24 cm.
500 _aEncabezamiento tomado al fin del prólogo.
700 1 _aGoyanes Capdevila, José,
_dd1876-1964
_959401
852 _aES-MaACL
_jE-1359
999 _c142362
_d142362